000 01046cam a2200265 i 4500
003 SA-RiAUC
005 20250129071538.0
008 250122s1979 su g 000r0 ara c
040 _aSA-RiKSU
_bara
_cSA-RiAUC
_erda
043 _aa-su---
082 0 4 _a215.1
090 _a215.1
_bع ط ا
100 1 _aعطار، أحمد بن عبد الغفور بن محمد نور،
_d1337-1411 هجري
_eمؤلف.
245 1 0 _aبناء الكعبة على قواعد إبراهيم فريضة إسلامية وواجب ديني مقدس /
_cتأليف أحمد عبد الغفور عطار.
250 _aالطبعة الثالثة.
264 1 _aمكة المكرمة :
_bأحمد عبد الغفور عطار،
_c1979
300 _a132 صفحة
336 _aنص
_btxt
_2rdacontent
_3كتاب
337 _aبدون وسيط
_bn
_2rdamedia
338 _aمجلد
_bnc
_2rdacarrier
610 2 7 _aالمسجد الحرام
_2aucnm
650 7 _aالكعبة
_xتاريخ
_2aucsh
942 _2ddc
_cBOOK
_n0
949 _aSA-JeALM
_d250122
_uosman123
_n1
999 _c5388
_d5388